| Tag |
First Indicator |
Second Indicator |
Subfields |
| LEADER |
00000cam a2200000 4500 |
| 001 |
in00000032512 |
| 005 |
20170127115633.0 |
| 008 |
730111s1940 lau b s00011 enge |
| 010 |
|
|
|a 40028816
|
| 035 |
|
|
|a (OCoLC)00535401
|
| 035 |
|
|
|9 AAD3061AM
|
| 040 |
|
|
|a DLC
|c TOL
|d SER
|d TXA
|d UtOrBLW
|
| 049 |
|
|
|a TXAS
|c 2 [A08609651]
|a TXAM [813.08] [M176]
|c 1 [149575]
|
| 090 |
|
|
|a PS558.L8
|b L68
|
| 082 |
0 |
|
|a 813.0822
|
| 100 |
1 |
|
|a McVoy, Lizzie Carter.
|
| 245 |
1 |
0 |
|a Louisiana in the short story /
|c edited by Lizzie Carter McVoy.
|
| 264 |
|
1 |
|a University, La. :
|b Louisiana State University Press,
|c 1940.
|
| 300 |
|
|
|a xiii, 291 pages ;
|c 24 cm.
|
| 336 |
|
|
|a text
|b txt
|2 rdacontent
|
| 337 |
|
|
|a unmediated
|b n
|2 rdamedia
|
| 338 |
|
|
|a volume
|b nc
|2 rdacarrier
|
| 490 |
1 |
|
|a Louisiana State University Studies,
|v no. 41
|
| 505 |
0 |
|
|a Posson Jone', by G.W. Cable.--Chita: a memory of Last island, by Lafcadio Hearn.--Desiree's baby, by Kate Chopin.--A bamboula, by Mollie M. Davis.--Moriah's mourning, by Ruth M. Stuart.--The man who cursed the lilies, by C.T. Jackson.--Cane river, by Lyle Saxon.--A crippled hope, by Grace King.--Masque macabre, by E.E. Sparling.--Redbone, by Ada J. Carver.--Child of God, by Roark Bradford.--The secret of the great river, by Edith O. Harrison.--Laffite and pirate booty, by J.F. Dobie.--Jalous business, by Stark Young.--Chains, by Elma Godchaux.--Bibliography (p. 285-291)
|
| 500 |
|
|
|a The Cushing Library/Lit./Dobie copy was acquired as part of Jeff C. Dykes' J. Frank Dobie Collection.
|
| 650 |
|
0 |
|a Short stories, American
|z Louisiana.
|
| 650 |
|
0 |
|a American literature
|z Louisiana.
|
| 830 |
|
0 |
|a Louisiana State University studies ;
|v no. 41.
|
| 999 |
|
|
|a MARS
|
| 999 |
f |
f |
|s 0f0297f3-2df9-3ace-a7f0-e85f46ce01db
|i b088d44d-7537-36d0-9fa9-029181ae8da7
|t 0
|
| 952 |
f |
f |
|p ric
|a Texas A&M University
|b Rellis Campus
|c Joint Library Facility
|d Remote Storage
|t 0
|e PS558.L8 L68
|h Library of Congress classification
|i unmediated -- volume
|m A14801256326
|
| 952 |
f |
f |
|p noncirc
|a Texas A&M University
|b College Station
|c Cushing Memorial Library & Archives
|d Cushing: Literature/Dobie (Does not check out)
|t 0
|e PZ1.M252 Lo
|h Library of Congress classification
|i unmediated -- volume
|m A14808609651
|
| 998 |
f |
f |
|a PZ1.M252 Lo
|t 0
|l Cushing: Literature/Dobie (Does not check out)
|
| 998 |
f |
f |
|a PS558.L8 L68
|t 0
|l Remote Storage
|